[Event "CZE-chT U18 Extraliga West 1718"]
[Site "Czech Republic"]
[Date "2018.01.20"]
[Round "6.6"]
[White "Spicka, Petr"]
[Black "Kubat, Ladislav"]
[Result "0-1"]
[WhiteElo "1405"]
[BlackElo "1510"]
[PlyCount "100"]
[EventDate "2017.10.07"]
[EventType "team-tourn"]
[EventRounds "11"]
[EventCountry "CZE"]
[SourceTitle "EXT 2023"]
[Source "ChessBase"]
[SourceDate "2022.10.05"]
[SourceVersion "1"]
[SourceVersionDate "2022.10.05"]
[SourceQuality "1"]
[WhiteTeam "Karlovy Vary (U18)"]
[BlackTeam "Klatovy (U18)"]
[WhiteTeamCountry "CZE"]
[BlackTeamCountry "CZE"]

1. e4 e5 2. Nf3 d6 3. h3 Be7 4. Nc3 Nd7 5. Bc4 c6 6. a3 Ngf6 7. 0-0 b5 8. Ba2 0-0 9. d4 Bb7 10. Re1 Qc7 11. Bg5 a5 12. dxe5 dxe5 13. Bxf6 Nxf6 14. Bxf7+ Rxf7 15. Ng5 Rff8 16. Ne6 Qb6 17. Nxf8 Rxf8 18. Qe2 Bc5 19. Rf1 Bd4 20. Nd1 Ba6 21. Re1 b4 22. Qd2 Nh5 23. c3 bxc3 24. bxc3 Bc5 25. Ne3 Bxe3 26. Qxe3 Qxe3 27. Rxe3 Rd8 28. Rb1 Bb5 29. g3 Nf6 30. f3 Rd2 31. Ree1 Rd3 32. Rbc1 Rxf3 33. Kg2 Rd3 34. c4 Ba6 35. Red1 Rxd1 36. Rxd1 Bxc4 37. Kf3 a4 38. Rc1 Bb5 39. Rc5 Nd7 40. Rc1 Kf7 41. Rd1 Ke7 42. h4 c5 43. Rd5 Bc6 44. Rd1 Nf6 45. Re1 c4 46. g4 Ne8 47. Rc1 Nd6 48. Re1 c3 49. g5 c2 50. h5 Bxe4+ 0-1

[Event "CZE-ch U10"]
[Site "Kouty nad Desnou"]
[Date "2017.03.15"]
[Round "6"]
[White "Spicka, Petr"]
[Black "Lang, Simon"]
[Result "1/2-1/2"]
[WhiteElo "1385"]
[BlackElo "1100"]
[PlyCount "63"]
[EventDate "2017.03.11"]
[EventType "swiss"]
[EventRounds "9"]
[EventCountry "CZE"]
[SourceTitle "CBM 177 Extra"]
[Source "ChessBase"]
[SourceDate "2017.04.27"]
[SourceVersion "1"]
[SourceVersionDate "2017.04.27"]
[SourceQuality "1"]

1. e4 e5 2. Nf3 Nc6 3. Bb5 a6 4. Ba4 Nf6 5. 0-0 Be7 6. Nc3 b5 7. Bb3 0-0 8. d3 d6 9. h3 Bb7 10. Nd5 Na5 11. Nxe7+ Qxe7 12. Bg5 Nxb3 13. cxb3 c6 14. Qe2 Qe6 15. Rac1 Rad8 16. Rfe1 Rd7 17. d4 Re8 18. Bxf6 Qxf6 19. Red1 Re6 20. dxe5 Qf4 21. Qe3 Qxe3 22. fxe3 c5 23. exd6 Rexd6 24. Rxd6 Rxd6 25. Rxc5 f6 26. Nd4 Bxe4 27. Rc8+ Kf7 28. Rc7+ Kg6 29. a4 bxa4 30. bxa4 Rb6 31. b3 Rb4 32. Rc4 1/2-1/2